00549 2200193 4500001002100000005001500021035002000036007000300056008004100059020000600100082001200106084001800118100001500136245007700151250001100228260002400239300002900263650006300292INLIS00000000000204620260225083736 a0010-0226000056ta260225 g 0 ind  a- a343.431 a343.431 FOK t0 aFokusmedia1 aTata Cara Pembentukan, Penghapusan dan Penggabungan Daerah /cFokusmedia aCet. 1 aBandung :bF,c2008 avi + 108 :b- ;c11 x 21 aTata Cara Pembentukan, Penghapusan dan Penggabungan Daerah